| 000 | 00000cas 2200000zi 4500 |
| 001 | 9.933793 |
| 003 | CaOODSP |
| 005 | 20260527170048 |
| 006 | m o d f |
| 007 | cr cn |||||||| |
| 008 | 240212c20179999nuctr p o f0###b0fre|d |
| 022 | |a3111-1785 |
| 040 | |aCaOODSP|bfre|erda|cCaOODSP |
| 043 | |an-cn--- |
| 086 | 1 |aR102-6F-PDF |
| 110 | 2 |aSavoir polaire Canada.|eauteur, |eorganisme de publication. |
| 222 | 0|aRapport financier trimestriel pour le trimestre terminé le ... |b(Savoir polaire Canada) |
| 245 | 10|aRapport financier trimestriel pour le trimestre terminé le ... |
| 264 | 1|a[Cambridge Bay, Nunavut] : |bSavoir polaire Canada, |c[2017]- |
| 310 | |aTrois fois par année |
| 336 | |atexte|btxt|2rdacontent/fre |
| 337 | |ainformatique|bc|2rdamedia/fre |
| 338 | |aressource en ligne|bcr|2rdacarrier/fre |
| 362 | 1 |aParaît depuis : 30 juin 2017. |
| 500 | |aPublié aussi en anglais sous le titre : Quarterly financial report for the quarter ended ... |
| 500 | |aLes livraisons de 30 juin 2017-31 décembre 2022 sont seulement disponible en format HTML. |
| 588 | |aDescription d'après : 30 juin 2017. |
| 588 | |aDernière livraison consultée : 31 décembre 2025. |
| 610 | 26|aSavoir polaire Canada|vPériodiques. |
| 650 | 6|aFinances publiques|zCanada|vPériodiques. |
| 655 | 7|aPériodiques|2rvmgf |
| 775 | 08|tQuarterly financial report for the quarter ended ...|w(CaOODSP)9.933794 |